000 00587cam a22001935a 4500
001 L141421
008 071122s1970 xxkc of 000 0deng d
035 _a(Sirsi) u141421
041 0 _aeng
110 2 _aGarrod, Turner and Son
_95459
245 0 0 _aGarrod, Turner & Son 1770-1970
260 _aIpswich
_bs.n.
_c1970
300 _a16 p.
_bill.
_c22 cm.
520 _aA history of the firm of Garrod, Turner & Son: surveyors, auctioneers and estate agents.
520 _aTitle from cover.
651 4 _aSuffolk
690 _aABOUT RICS-RICS MEMBERS-CHARTERED SURVEYORS
942 _n0
999 _c107654
_d107654